| 000 | 00533nam a2200181Ia 4500 | ||
|---|---|---|---|
| 003 | OSt | ||
| 005 | 20260331113129.0 | ||
| 008 | 211028s2011 xx 000 0 und d | ||
| 040 | _cAIMIT LIBRARY | ||
| 041 | _aeng | ||
| 082 | _a658.8 DSOA | ||
| 100 |
_aDsouza, Ashwan;Wright, Rowena. _g916007 _96745 |
||
| 245 | _aA study of identify and tap potential mobile retail outlets for onida mobiles in Manglore west / | ||
| 260 |
_bWright, Rowena _c2011 |
||
| 600 |
_aMarketing _96746 |
||
| 650 |
_aMarketing _96747 |
||
| 942 |
_2ddc _cPRO |
||
| 999 |
_c218340 _d218340 |
||